=LDR 00000nam 2200000 4500 =001 INLIS000000000002414 =005 20130612090743 =008 ***********************************Ind** =035 ##$$0010-061300000002414 =041 ##$$a Ind =082 ##$$a 155.633 =090 ##$$a 155.633, Cow t =100 ##$$a Cowan, Connel =245 ##$$a Taktik mendapatkan suami idaman, Connel Cowan, Melvyn Kinder =260 ##$$a 1993 $b Semarang =300 ##$$a 215 hlm, 21 cm =650 ##$$a Psikologi orangn Dewasa =700 ##$$a Kinder, Melvyn =850 ##$$a NBPNMAT